| 000 | 00370nam a2200121Ia 4500 | ||
|---|---|---|---|
| 008 | 170224s9999 xx 000 0 und d | ||
| 245 | _aAutomated Planning of Children’s Stories using Causal Links, Agents and Commonsense Ontology | ||
| 260 | _bPhilippine Computing Journal | ||
| 260 | _c2014 | ||
| 300 | _aIX:1 | ||
| 500 | _aAugust | ||
| 650 | _xInformation Technology | ||
| 999 |
_c315764 _d315764 |
||